<?xml version="1.0" encoding="UTF-8"?><?xml-stylesheet type="text/xsl" href="static/style.xsl"?><OAI-PMH xmlns="http://www.openarchives.org/OAI/2.0/" xmlns:xsi="http://www.w3.org/2001/XMLSchema-instance" xsi:schemaLocation="http://www.openarchives.org/OAI/2.0/ http://www.openarchives.org/OAI/2.0/OAI-PMH.xsd"><responseDate>2026-04-13T02:57:46Z</responseDate><request verb="GetRecord" identifier="oai:www.recercat.cat:10459.1/56918" metadataPrefix="marc">https://recercat.cat/oai/request</request><GetRecord><record><header><identifier>oai:recercat.cat:10459.1/56918</identifier><datestamp>2024-12-05T22:36:38Z</datestamp><setSpec>com_2072_3622</setSpec><setSpec>col_2072_479130</setSpec></header><metadata><record xmlns="http://www.loc.gov/MARC21/slim" xmlns:dcterms="http://purl.org/dc/terms/" xmlns:xsi="http://www.w3.org/2001/XMLSchema-instance" xmlns:doc="http://www.lyncode.com/xoai" xsi:schemaLocation="http://www.loc.gov/MARC21/slim http://www.loc.gov/standards/marcxml/schema/MARC21slim.xsd">
   <leader>00925njm 22002777a 4500</leader>
   <datafield ind2=" " ind1=" " tag="042">
      <subfield code="a">dc</subfield>
   </datafield>
   <datafield ind2=" " ind1=" " tag="720">
      <subfield code="a">Rafel i Fontanals, Núria</subfield>
      <subfield code="e">author</subfield>
   </datafield>
   <datafield ind2=" " ind1=" " tag="720">
      <subfield code="a">Murillo, Mercedes</subfield>
      <subfield code="e">author</subfield>
   </datafield>
   <datafield ind2=" " ind1=" " tag="720">
      <subfield code="a">Montero Ruiz, Ignacio</subfield>
      <subfield code="e">author</subfield>
   </datafield>
   <datafield ind2=" " ind1=" " tag="720">
      <subfield code="a">Hunt Ortiz, Mark A.</subfield>
      <subfield code="e">author</subfield>
   </datafield>
   <datafield ind2=" " ind1=" " tag="720">
      <subfield code="a">Armada, Xosé-Lois</subfield>
      <subfield code="e">author</subfield>
   </datafield>
   <datafield ind2=" " ind1=" " tag="260">
      <subfield code="c">2016-04-29T15:35:47Z</subfield>
   </datafield>
   <datafield ind2=" " ind1=" " tag="260">
      <subfield code="c">2025-01-01</subfield>
   </datafield>
   <datafield ind2=" " ind1=" " tag="260">
      <subfield code="c">2016</subfield>
   </datafield>
   <datafield ind2=" " ind1=" " tag="520">
      <subfield code="a">The extraction of silver has traditionally been considered as one of&#xd;
the main incentives for the Phoenician expansion throughout the&#xd;
Mediterranean and their settlement in Iberia. In this paper, we approach the&#xd;
organization of silver production in Iberia during the Early Iron Age through&#xd;
the study of the evidence of production currently available and the development&#xd;
of Lead Isotope Analysis (LIA). Previous results (Hunt 2003; Stos Gale 2001;&#xd;
Kassianidou 1992) are considered in the light of new data.&#xd;
The extraction of silver from complex minerals noticeably intensifies in&#xd;
south-west Iberia. Imports of exogenous lead, needed for the extraction of&#xd;
silver from these complex minerals, are evident. Supplies of lead come in from&#xd;
other regions of Iberia, such as Gádor, Cartagena/Mazarrón, Linares or even&#xd;
the mining district of Molar-Belmunt-Falset (MBF) in Catalonia. This picture&#xd;
reveals that the organization of silver production was much more complex than&#xd;
initially thought, with the articulation of an exchange network of raw materials&#xd;
at a macro-territorial scale embracing almost all Iberia. The socioeconomic&#xd;
implications that control of these networks of lead distribution could have had&#xd;
are also discussed.</subfield>
   </datafield>
   <datafield ind1="8" ind2=" " tag="024">
      <subfield code="a">http://hdl.handle.net/10459.1/56918</subfield>
   </datafield>
   <datafield tag="653" ind2=" " ind1=" ">
      <subfield code="a">Edat del ferro</subfield>
   </datafield>
   <datafield tag="653" ind2=" " ind1=" ">
      <subfield code="a">Prehistòria</subfield>
   </datafield>
   <datafield tag="653" ind2=" " ind1=" ">
      <subfield code="a">Mines</subfield>
   </datafield>
   <datafield tag="653" ind2=" " ind1=" ">
      <subfield code="a">Espanya</subfield>
   </datafield>
   <datafield ind2="0" ind1="0" tag="245">
      <subfield code="a">The Macro-Regional Scale of Silver Production in Iberia During the First Millennium BC in the Context of Mediterranean Contacts</subfield>
   </datafield>
</record></metadata></record></GetRecord></OAI-PMH>